Costa Rica: Situación actual y perspectivas del desarrollo rural

Gespeichert in:
Bibliographische Detailangaben
1. Verfasser: Fallas Venegas, Helio
Körperschaft: UNA. Maestría en Política Económica
Format: Text
Veröffentlicht: Heredia: EFUNA
Schlagworte:
Tags: Tag hinzufügen
Keine Tags, Fügen Sie den ersten Tag hinzu!

MARC

LEADER 00000 a a2200000 04500
001 28810
003
040
020 |a 997-906-29-7  
090 |a 189801  
100 |a Fallas Venegas, Helio  
110 |a UNA. Maestría en Política Económica  
245 |a Costa Rica: Situación actual y perspectivas del desarrollo rural  
260 |a Heredia:   |b EFUNA  
300 |a 66 p  
650 |a DESARROLLO ECONOMICO  
650 |a POLITICA ECONOMICA  
650 |a DESARROLLO SOCIAL  
650 |a POBLACION  
650 |a PRODUCCION  
650 |a SERVICIOS PUBLICOS  
999 |c 12859  |d 12859